Los animales : (Record no. 16828)

000 -CABECERA
fixed length control field 00853nam a22002177a 4500
003 - IDENTIFICADOR DEL NÚMERO DE CONTROL
control field AR-CdUCM
008 - DATOS DE LONGITUD FIJA--INFORMACIÓN GENERAL
fixed length control field 190506b ||||| |||| 00| 0 spa d
040 ## - FUENTE DE LA CATALOGACIÓN
Agencia/entidad que catalogó originalmente la obra MUNICIPALIDAD PROVINCIAL DEL CUSCO
Entidad que transcribió la catalogación BIBLIOTECA MUNICIPAL DEL CUSCO
082 ## - NÚMERO DE LA CLASIFICACIÓN DECIMAL DEWEY
No. de Clasificación 590 /
Notacion interna G37
100 ## - ENTRADA PRINCIPAL--NOMBRE DE PERSONA
Nombre Personal Gérardin, León.
245 ## - MENCIÓN DE TÍTULO
Título Los animales :
Resto del título elementos de zoologia teórica y aplicada /
260 ## - PUBLICACIÓN, DISTRIBUCIÓN, ETC.
Lugar de publicación, distribución, etc. París :
Nombre de la editorial, distribuidor, etc. Libreria de la V° de ch. Bouret,
Fecha de publicación, distribución, etc. 1927.
300 ## - DESCRIPCIÓN FÍSICA
Nº de Páginas Extensión 419 paginas ;
Otros detalles físicos Ilustraciones,
Dimensiones 18 cm.
505 ## - NOTA DE CONTENIDO CON FORMATO
Nota de contenido formateada Contenido : Definición del animal -- La zoología y sus aplicaciones -- Los vertebrados -- Los anélidos -- Los moluscos --Los zoofitos...
650 ## - PUNTO DE ACCESO ADICIONAL DE MATERIA--TÉRMINO DE MATERIA
Descriptor Los animales
9 (RLIN) 36512
650 ## - PUNTO DE ACCESO ADICIONAL DE MATERIA--TÉRMINO DE MATERIA
Descriptor Los moluscos
9 (RLIN) 36513
650 ## - PUNTO DE ACCESO ADICIONAL DE MATERIA--TÉRMINO DE MATERIA
Descriptor Los vertebrados
9 (RLIN) 36514
700 ## - PUNTO DE ACCESO ADICIONAL--NOMBRE DE PERSONA
Nombre Personal Brito, F.G.(Traducción)
9 (RLIN) 36515
942 ## - ELEMENTOS DE PUNTO DE ACCESO ADICIONAL (KOHA)
Fuente de clasificación
Tipo de item Libros-BMC
945 ## - PROCESAMIENTO DE INFORMACIÓN LOCAL (OCLC)
Catalogador wnts
AAAA-MM-DD - Fecha de ingreso o modificacion 2019-05-6
Holdings
Estado de retiro (separado) Fuente de clasificación o esquema de estanterías Estado dañado Ubicación Sala donde se ubica Nombre de la colección Fecha de adquisición o compra Costo, precio normal en soles Signatura topográfica Código de Barras Última vez visto (Koha) Tipo de ítem (Koha)
No     Sala Ciencias Sala Ciencias Book Cart 2019-05-06 50.00 590 / G37 SC0000001428 2019-05-06 Libros-BMC

Powered by Koha